Normal view
MARC view
Entry Topical Term
001 - CONTROL NUMBER
- control field: 36826
003 - CONTROL NUMBER IDENTIFIER
- control field: OSt
005 - DATE AND TIME OF LATEST TRANSACTION
- control field: 20230313112908.0
008 - FIXED-LENGTH DATA ELEMENTS
- fixed length control field: 230313|| aca||aabn | a|a d
040 ## - CATALOGING SOURCE
- Original cataloging agency: OSt
- Transcribing agency: OSt
150 ## - HEADING--TOPICAL TERM
- Topical term or geographic name entry element: Megaprojects, External stakeholder management, Project organizing, Narratives, News media.
670 ## - SOURCE DATA FOUND
- Source citation: Work cat.: (OSt): Ninan,Johan and Sergeevam Natalya, 36825, Mobilizing megaproject narratives for external stakeholders: A study of narrative instruments and processes
